Curso teórico práctico de cálculo integral : aplicado a la física y técnica

Salvato in:
Dettagli Bibliografici
Autore principale: Puig Adam, Pedro .
Natura: Libro
Lingua:spagnolo
Pubblicazione: Madrid : [El autor], 1965-
Edizione:7ª ed.
Catalogo:MANES:  Risultati della ricerca del catalogo della biblioteca
Libro di testo Classificazione:
Serie:Cursos de análisis matemático para ingenieros
Soggetti:
Tags: Aggiungi Tag
Nessun Tag, puoi essere il primo ad aggiungerne!!
Aggiunto a:2019-02-09
Cambiato in:2025-05-07

MARC

LEADER 00000cam a2200000 i 4500
005 20250507134515.0
008 190210s1965 esp fp 000 0 spa d
040 |a uned  |b spa  |c entro-manes 
100 1 |a Puig Adam, Pedro .  |9 19785 
245 1 0 |a Curso teórico práctico de cálculo integral :   |b aplicado a la física y técnica /   |c por P. Puig Adam 
250 |a 7ª ed. 
260 |a Madrid :   |b [El autor],   |c 1965- 
300 |a [1] v. 
490 0 |a Cursos de análisis matemático para ingenieros  
505 1 |a Contiene:   |g V. 1 
546 |a España 
561 |5 es-BUNED  |3 L.T. 3874  |a España. Fondo Manes UNED  |k MANES 
690 0 |a MATE 
650 7 |a Enseñanza técnica superior 
942 |2 ddc  |c BK 
999 |c 96050  |d 96050 
999 |c manes:96050  |d 96050